000
00223nam a2200121Ia 4500
100
_a
#N/A
942
_c
BK
654
_a
SAMSUNG
245
_a
SAMSUNG PLEOMAX CDR 52 X
260
_b
#N/A
546
_a
ENGLISH
999
_c
28960
_d
28960